000 00802cab a2200241 4500
001 ABS58209
008 090401t1998 xxu||||| |||| 00| 0 eng d
035 _a(Sirsi) u83526
041 _aeng
100 _aBaker, L.
245 _aNot cloning, but grooming
260 _c1998
350 _a0
490 _aProperty Week
_v61(2) 16 January 1998, 26(1)
520 _aSuggests strategies for grooming associates for becoming partners in professional firms in the future. Identifies ways of identifing and developing the professional skills of potential partners.
650 _aASSOCIATES
650 _aPARTNERS
650 _aPRACTICE MANAGEMENT
650 _aPROFESSIONAL DEVELOPMENT
690 _aMANAGEMENT-BUSINESS MANAGEMENT-PROFESSIONAL PRACTICE
942 _n0
948 _c04/02/1998
999 _c52756
_d52756